Tamsui-Xinyi Line - Statistics

General Stats
  • This quiz has been taken 4 times
  • The average score is 23 of 28
Answer Stats
Code Station Name % Correct
R03 台北101·世貿 Taipei 101-World Trade Center
100%
R22 北投 Beitou
100%
R08/G10/(LG01) 中正紀念堂 Chiang Kai-Shek Memorial Hall
100%
R07/O06 東門 Dongmen
100%
R25 關渡 Guandu
100%
R27/V01 紅樹林 Hongshulin
100%
R15 劍潭 Jiantan
100%
R18 明德 Mingde
100%
R09 台大醫院 NTU Hospital
100%
R20 唭哩岸 Qilian
100%
R16/(Y26) 士林 Shilin
100%
R19 石牌 Shipai
100%
R12 雙連 Shuanglian
100%
R10/BL12/A1 台北車站 Taipei Main Station
100%
R28/(V21) 淡水 Tamsui
100%
R14 圓山 Yuanshan
100%
R11/G14 中山 Zhongshan
100%
R26 竹圍 Zhuwei
100%
R05/BR09 大安 Daan
50%
R06 大安森林公園 Daan Park
50%
R23 復興崗 Fuxinggang
50%
R13/O11 民權西路 Minquan West Road
50%
R21 奇岩 Qiyan
50%
R02 象山 Xiangshan
50%
R04 信義安和 Xinyi Anhe
50%
R17 芝山 Zhishan
50%
R24 忠義 Zhongyi
50%
R22A 新北投 Xinbeitou
0%
No matching quizzes found
Score Distribution
Percent of People with Each Score
Percentile by Number Answered
Your Score History
You have not taken this quiz